KOHA-Header-6

Introduction to Biochemistry and Biotechnology Techniques (Record no. 2204)

000 -LEADER
fixed length control field 00329nam a2200121Ia 4500
008 - FIXED-LENGTH DATA ELEMENTS--GENERAL INFORMATION
fixed length control field 190802s9999 xx 000 0 und d
020 ## - INTERNATIONAL STANDARD BOOK NUMBER
International Standard Book Number 978-969-637-398-8
100 ## - MAIN ENTRY--PERSONAL NAME
Personal name Fatima Akram
245 #0 - TITLE STATEMENT
Title Introduction to Biochemistry and Biotechnology Techniques
260 ## - PUBLICATION, DISTRIBUTION, ETC. (IMPRINT)
Place of publication, distribution, etc Karachi
Name of publisher, distributor, etc Paramount
Date of publication, distribution, etc 2018
300 ## - PHYSICAL DESCRIPTION
Extent 347:p
942 ## - ADDED ENTRY ELEMENTS (KOHA)
Koha item type Books
Holdings
Withdrawn status Lost status Damaged status Not for loan Permanent Location Current Location Shelving location Date acquired Total Checkouts Total Renewals Full call number Barcode Date last seen Date checked out Price effective from Koha item type
        MAJU MAJU Shelf No.A36 2019-08-03 2 1 612.015 8827 2025-03-05 2019-12-04 2019-08-03 Bio Science

Powered by Koha